000 00721nam a22002057a 4500
999 _c159705
_d159705
005 20190102123012.0
010 _aENG-124619
020 _a9789352869039
_c799.00
035 _aEN-108151
037 _bDBAD/PUB
082 _a006.6869
100 _aFaulkner Andrew
245 _aAdobe photoshop CC 2018 release classroom in a book:
_cby Andrew Faulkner [and] Conrad Chavz
_bthe official training workbook from adobe/
260 _aNew Delhi
_bPearson
_c2018
270 _a14 Local Shopping Centre, Panchsheel Park
_bNew Delhi
_e110017
300 _aviii,391p.
_c25cm. (pbk)
_bill. pic.
500 _aIt includes appendices and index
700 _a Chavz, Conrad
942 _2ddc
_cEN
_h006.6869
_mFAU